{"text_format":"3","workbook":"xlsx","n_sheets":1,"sheets":["t133"],"read":"whole","date_system":"1900"}

{"sheet":"t133","index":0,"n_rows":171,"n_cols":7,"rows_kept":171,"merged":[[0,0,0,6],[28,0,28,5],[42,0,42,5],[148,0,148,5]]}
["TABELA 133.1 - Estatísticas Agrícolas, Município de Charqueada, Estado de São Paulo, 2016/17."]
["ITEM","UNIDADE","N.DE UPAs","MÍNIMO","MÉDIO","MÁXIMO","TOTAL"]
["Distância à sede do município","km",458,0.1,7.1,{"v":22,"d":"22.0"},"-"]
["Área total","hectare",458,0.8,30.7,{"v":1000,"d":"1,000.0"},{"v":14061.11,"d":"14,061.1"}]
["Área com cultura perene","hectare",4,1.1,{"v":5.28,"d":"5.3"},15.9,21.1]
["Área com cultura temporária","hectare",358,0.1,{"v":24.08,"d":"24.1"},524.8,{"v":8621.5,"d":"8,621.5"}]
["Área com pastagem","hectare",219,0.3,{"v":13.37,"d":"13.4"},745.7,{"v":2928.7,"d":"2,928.7"}]
["Área com reflorestamento","hectare",41,0.2,{"v":9.31,"d":"9.3"},74.2,381.9]
["Área com vegetação natural","hectare",332,0.1,{"v":4.89,"d":"4.9"},168.4,{"v":1624.45,"d":"1,624.5"}]
["Área com vegetação de brejo e várzea","hectare",1,0.3,0.3,0.3,0.3]
["Área em descanso","hectare",2,{"v":7,"d":"7.0"},17.7,28.4,35.4]
["Área complementar","hectare",263,0.1,1.7,21.6,{"v":447.76,"d":"447.8"}]
["Área das UPAs com (0, 1] ha","hectare",4,0.8,0.8,0.8,3.2]
["Área das UPAs com (1, 2] ha","hectare",12,1.2,{"v":1.91,"d":"1.9"},{"v":2,"d":"2.0"},22.9]
["Área das UPAs com (2, 5] ha","hectare",67,2.1,{"v":3.33,"d":"3.3"},4.9,223.2]
["Área das UPAs com (5, 10] ha","hectare",96,5.1,7.7,{"v":10,"d":"10.0"},{"v":739,"d":"739.0"}]
["Área das UPAs com (10, 20] ha","hectare",107,10.1,{"v":14.41,"d":"14.4"},{"v":20,"d":"20.0"},{"v":1541.41,"d":"1,541.4"}]
["Área das UPAs com (20, 50] ha","hectare",124,20.2,{"v":30.24,"d":"30.2"},49.1,{"v":3750.2,"d":"3,750.2"}]
["Área das UPAs com (50, 100] ha","hectare",28,50.2,{"v":67.48,"d":"67.5"},91.9,{"v":1889.5,"d":"1,889.5"}]
["Área das UPAs com (100, 200] ha","hectare",10,{"v":103,"d":"103.0"},{"v":131.97,"d":"132.0"},193.9,{"v":1319.7,"d":"1,319.7"}]
["Área das UPAs com (200, 500] ha","hectare",7,214.2,285.4,371.6,{"v":1997.8,"d":"1,997.8"}]
["Área das UPAs com (500, 1.000] ha","hectare",3,627.9,{"v":858.07,"d":"858.1"},{"v":1000,"d":"1,000.0"},{"v":2574.2,"d":"2,574.2"}]
["Área das UPAs com (1.000, 2.000] ha","hectare","-","-","-","-","-"]
["Área das UPAs com (2.000, 5.000] ha","hectare","-","-","-","-","-"]
["Área das UPAs com (5.000, 10.000] ha","hectare","-","-","-","-","-"]
["Área das UPAs acima de 10.000 ha","hectare","-","-","-","-","-"]
["Fonte: Secretaria de Agricultura e Abastecimento, CDRS/IEA, Projeto LUPA."]
[]
["TABELA 133.2 - Explorações Animais, Município de Charqueada, Estado de São Paulo, 2016/17."]
["ITEM","UNIDADE","N.DE UPAs","MÍNIMO","MÉDIO","MÁXIMO","TOTAL"]
["Asininos e muares","cabecas",9,{"v":1,"d":"1.0"},{"v":2.22,"d":"2.2"},{"v":10,"d":"10.0"},{"v":20,"d":"20.0"}]
["Avicultura de corte","cabecas/ano",5,{"v":35000,"d":"35,000.0"},{"v":214600,"d":"214,600.0"},{"v":360000,"d":"360,000.0"},{"v":1073000,"d":"1,073,000.0"}]
["Avicultura para ovos","cabecas",2,{"v":10,"d":"10.0"},{"v":30,"d":"30.0"},{"v":50,"d":"50.0"},{"v":60,"d":"60.0"}]
["Bovinocultura de corte","cabecas",22,{"v":2,"d":"2.0"},{"v":39.05,"d":"39.1"},{"v":320,"d":"320.0"},{"v":859,"d":"859.0"}]
["Bovinocultura leiteira","cabecas",15,{"v":2,"d":"2.0"},{"v":65.53,"d":"65.5"},{"v":686,"d":"686.0"},{"v":983,"d":"983.0"}]
["Bovinocultura mista","cabecas",83,{"v":1,"d":"1.0"},{"v":15.27,"d":"15.3"},{"v":120,"d":"120.0"},{"v":1267,"d":"1,267.0"}]
["Bubalinocultura","cabecas",1,{"v":20,"d":"20.0"},{"v":20,"d":"20.0"},{"v":20,"d":"20.0"},{"v":20,"d":"20.0"}]
["Cunicultura","cabecas",1,{"v":700,"d":"700.0"},{"v":700,"d":"700.0"},{"v":700,"d":"700.0"},{"v":700,"d":"700.0"}]
["Equinocultura","cabecas",41,{"v":1,"d":"1.0"},{"v":3.73,"d":"3.7"},{"v":23,"d":"23.0"},{"v":153,"d":"153.0"}]
["Suinocultura","cabecas",4,{"v":6,"d":"6.0"},{"v":16.75,"d":"16.8"},{"v":24,"d":"24.0"},{"v":67,"d":"67.0"}]
["Fonte: Secretaria de Agricultura e Abastecimento, CDRS/IEA, Projeto LUPA."]
[]
["TABELA 133.3 -  Máquinas, Implementos e Benfeitorias, Município de Charqueada, Estado de São Paulo, 2016/17."]
["ITEM","UNIDADE","N.DE UPAs","MÍNIMO","MÉDIO","MÁXIMO","TOTAL"]
["Arado comum (bacia, aiveca)","unidade",40,{"v":1,"d":"1.0"},1.2,{"v":4,"d":"4.0"},{"v":48,"d":"48.0"}]
["Arado escarificador","unidade",3,{"v":1,"d":"1.0"},{"v":1,"d":"1.0"},{"v":1,"d":"1.0"},{"v":3,"d":"3.0"}]
["Arado subsolador","unidade",8,{"v":1,"d":"1.0"},{"v":1.13,"d":"1.1"},{"v":2,"d":"2.0"},{"v":9,"d":"9.0"}]
["Carregadeira de cana","unidade",23,{"v":1,"d":"1.0"},{"v":1.43,"d":"1.4"},{"v":4,"d":"4.0"},{"v":33,"d":"33.0"}]
["Carreta de trator","unidade",10,{"v":1,"d":"1.0"},{"v":1,"d":"1.0"},{"v":1,"d":"1.0"},{"v":10,"d":"10.0"}]
["Colhedeira acoplada","unidade",1,{"v":1,"d":"1.0"},{"v":1,"d":"1.0"},{"v":1,"d":"1.0"},{"v":1,"d":"1.0"}]
["Colhedeira automotriz","unidade",1,{"v":1,"d":"1.0"},{"v":1,"d":"1.0"},{"v":1,"d":"1.0"},{"v":1,"d":"1.0"}]
["Computador","unidade",2,{"v":1,"d":"1.0"},{"v":4,"d":"4.0"},{"v":7,"d":"7.0"},{"v":8,"d":"8.0"}]
["Conj.irrigacao convencional","unidade",6,{"v":1,"d":"1.0"},{"v":1.17,"d":"1.2"},{"v":2,"d":"2.0"},{"v":7,"d":"7.0"}]
["Conj.irrigacao/gotejamento/microaspersao","unidade",1,{"v":1,"d":"1.0"},{"v":1,"d":"1.0"},{"v":1,"d":"1.0"},{"v":1,"d":"1.0"}]
["Desintegrador, picador, triturador","unidade",33,{"v":1,"d":"1.0"},{"v":1.06,"d":"1.1"},{"v":2,"d":"2.0"},{"v":35,"d":"35.0"}]
["Distribuidor de calcario","unidade",10,{"v":1,"d":"1.0"},{"v":1,"d":"1.0"},{"v":1,"d":"1.0"},{"v":10,"d":"10.0"}]
["Ensiladeira","unidade",5,{"v":1,"d":"1.0"},{"v":1,"d":"1.0"},{"v":1,"d":"1.0"},{"v":5,"d":"5.0"}]
["Grade aradora (tipo romi)","unidade",21,{"v":1,"d":"1.0"},{"v":1.24,"d":"1.2"},{"v":4,"d":"4.0"},{"v":26,"d":"26.0"}]
["Grade niveladora","unidade",32,{"v":1,"d":"1.0"},{"v":1.16,"d":"1.2"},{"v":4,"d":"4.0"},{"v":37,"d":"37.0"}]
["Implementos para tracao animal","unidade",1,{"v":1,"d":"1.0"},{"v":1,"d":"1.0"},{"v":1,"d":"1.0"},{"v":1,"d":"1.0"}]
["Mmicrotrator","unidade",4,{"v":1,"d":"1.0"},{"v":1,"d":"1.0"},{"v":1,"d":"1.0"},{"v":4,"d":"4.0"}]
["Ordenhadeira mecanica","unidade",2,{"v":1,"d":"1.0"},2.5,{"v":4,"d":"4.0"},{"v":5,"d":"5.0"}]
["Pulverizador tratorizado","unidade",28,{"v":1,"d":"1.0"},{"v":1.29,"d":"1.3"},{"v":4,"d":"4.0"},{"v":36,"d":"36.0"}]
["Resfriador de leite, tanque expansao","unidade",2,{"v":1,"d":"1.0"},{"v":1,"d":"1.0"},{"v":1,"d":"1.0"},{"v":2,"d":"2.0"}]
["Roçadeira tratorizada","unidade",2,{"v":1,"d":"1.0"},{"v":1,"d":"1.0"},{"v":1,"d":"1.0"},{"v":2,"d":"2.0"}]
["Roçadora","unidade",1,{"v":1,"d":"1.0"},{"v":1,"d":"1.0"},{"v":1,"d":"1.0"},{"v":1,"d":"1.0"}]
["Semeadeira/adubadeira para plantio convencional","unidade",19,{"v":1,"d":"1.0"},{"v":1.37,"d":"1.4"},{"v":5,"d":"5.0"},{"v":26,"d":"26.0"}]
["Semeadeira/plantadeira plantio direto","unidade",1,{"v":1,"d":"1.0"},{"v":1,"d":"1.0"},{"v":1,"d":"1.0"},{"v":1,"d":"1.0"}]
["Terraceador","unidade",5,{"v":1,"d":"1.0"},{"v":1,"d":"1.0"},{"v":1,"d":"1.0"},{"v":5,"d":"5.0"}]
["Trator de esteiras","unidade",1,{"v":1,"d":"1.0"},{"v":1,"d":"1.0"},{"v":1,"d":"1.0"},{"v":1,"d":"1.0"}]
["Trator de pneus  acima de 85 cv","unidade",20,{"v":1,"d":"1.0"},{"v":3.35,"d":"3.4"},{"v":20,"d":"20.0"},{"v":67,"d":"67.0"}]
["Trator de pneus até 65 cv","unidade",17,{"v":1,"d":"1.0"},{"v":1.12,"d":"1.1"},{"v":2,"d":"2.0"},{"v":19,"d":"19.0"}]
["Trator de pneus de 66 cv a 85 cv","unidade",30,{"v":1,"d":"1.0"},{"v":1.27,"d":"1.3"},{"v":3,"d":"3.0"},{"v":38,"d":"38.0"}]
["Acude/represa","unidade",108,{"v":1,"d":"1.0"},1.5,{"v":5,"d":"5.0"},{"v":162,"d":"162.0"}]
["Alambique","unidade",1,{"v":1,"d":"1.0"},{"v":1,"d":"1.0"},{"v":1,"d":"1.0"},{"v":1,"d":"1.0"}]
["Almoxarifado/oficina","unidade",8,{"v":1,"d":"1.0"},1.5,{"v":5,"d":"5.0"},{"v":12,"d":"12.0"}]
["Armazem para graos ensacados","sacas",1]
["Balanca para bovinos","unidade",2,{"v":1,"d":"1.0"},{"v":1,"d":"1.0"},{"v":1,"d":"1.0"},{"v":2,"d":"2.0"}]
["Balanca para veiculos","unidade",2,{"v":1,"d":"1.0"},{"v":1,"d":"1.0"},{"v":1,"d":"1.0"},{"v":2,"d":"2.0"}]
["Barracao para granja/avicultura","unidade",7,{"v":1,"d":"1.0"},{"v":1.57,"d":"1.6"},{"v":3,"d":"3.0"},{"v":11,"d":"11.0"}]
["Barracao/galpao/garagem","unidade",99,{"v":1,"d":"1.0"},{"v":1.22,"d":"1.2"},{"v":5,"d":"5.0"},{"v":121,"d":"121.0"}]
["Casa de moradia habitada","unidade",162,{"v":1,"d":"1.0"},{"v":2.33,"d":"2.3"},{"v":20,"d":"20.0"},{"v":377,"d":"377.0"}]
["Casa de moradia total","unidade",197,{"v":1,"d":"1.0"},{"v":2.32,"d":"2.3"},{"v":20,"d":"20.0"},{"v":457,"d":"457.0"}]
["Curral/mangueira","unidade",95,{"v":1,"d":"1.0"},{"v":1.05,"d":"1.1"},{"v":2,"d":"2.0"},{"v":100,"d":"100.0"}]
["Deposito/tulha","unidade",73,{"v":1,"d":"1.0"},{"v":1.22,"d":"1.2"},{"v":9,"d":"9.0"},{"v":89,"d":"89.0"}]
["Engenho","unidade",1,{"v":1,"d":"1.0"},{"v":1,"d":"1.0"},{"v":1,"d":"1.0"},{"v":1,"d":"1.0"}]
["Estabulo","unidade",5,{"v":1,"d":"1.0"},1.2,{"v":2,"d":"2.0"},{"v":6,"d":"6.0"}]
["Estufa/plasticultura","m2",1]
["Instalacoes para equinos","unidade",1,{"v":1,"d":"1.0"},{"v":1,"d":"1.0"},{"v":1,"d":"1.0"},{"v":1,"d":"1.0"}]
["Olaria","unidade",1,{"v":1,"d":"1.0"},{"v":1,"d":"1.0"},{"v":1,"d":"1.0"},{"v":1,"d":"1.0"}]
["Pocilga","unidade",5,{"v":1,"d":"1.0"},1.6,{"v":4,"d":"4.0"},{"v":8,"d":"8.0"}]
["Poco semi-artesiano","unidade",6,{"v":1,"d":"1.0"},{"v":1.17,"d":"1.2"},{"v":2,"d":"2.0"},{"v":7,"d":"7.0"}]
["Terreiro","m2",1]
["Usina de acucar/destilaria","unidade",1,{"v":1,"d":"1.0"},{"v":1,"d":"1.0"},{"v":1,"d":"1.0"},{"v":1,"d":"1.0"}]
["Fonte: Secretaria de Agricultura e Abastecimento, CDRS/IEA, Projeto LUPA."]
[]
["TABELA 133.4 - Outras Estatísticas Agrícolas, Município de Charqueada, Estado de São Paulo, 2016/17."]
["ITEM","Número de UPAs",null,"Percentual"]
["Faz Parte de Associação de Produtores",283,null,{"v":61.790393013100434,"d":"61.8"}]
["Faz Parte de Cooperativa de Produtores",324,null,{"v":70.74235807860262,"d":"70.7"}]
["Faz Parte do Sindicato de Produtores",188,null,{"v":41.048034934497814,"d":"41.0"}]
["Não utiliza assistência técnica ",213,null,{"v":46.506550218340614,"d":"46.5"}]
["Utiliza somente assistência técnica governamental ",14,null,{"v":3.056768558951965,"d":"3.1"}]
["Utiliza somente assistência técnica privada ",200,null,{"v":43.66812227074236,"d":"43.7"}]
["Utiliza assistência técnica tanto governamental quanto privada",31,null,{"v":6.768558951965066,"d":"6.8"}]
["Utiliza Crédito Rural",80,null,{"v":17.46724890829694,"d":"17.5"}]
["Utiliza Seguro Rural",11,null,{"v":2.4017467248908297,"d":"2.4"}]
["Utiliza Escrituração Agrícola",205,null,{"v":44.75982532751091,"d":"44.8"}]
["Acessa Internet p/ Fins na Agropecuária",24,null,{"v":5.240174672489083,"d":"5.2"}]
["Utiliza Computador nas Atividades Agropecuárias",22,null,{"v":4.8034934497816595,"d":"4.8"}]
["Utiliza Energia Elétrica Para Uso na Atividade Agrícola",224,null,{"v":48.90829694323144,"d":"48.9"}]
["Utiliza Energia Alternativa",10,null,{"v":2.1834061135371177,"d":"2.2"}]
["Realiza Análise de Solo, quando necessário",309,null,{"v":67.46724890829694,"d":"67.5"}]
["Realiza Calagem",120,null,{"v":26.200873362445414,"d":"26.2"}]
["Utiliza Práticas de Conservação de Solo, quando necessário",369,null,{"v":80.56768558951964,"d":"80.6"}]
["Faz Adubação Mineral, quando necessário",360,null,{"v":78.60262008733625,"d":"78.6"}]
["Faz Adubação Orgânica, quando necessário",61,null,{"v":13.318777292576417,"d":"13.3"}]
["Faz Adubação Verde, quando necessário",12,null,{"v":2.6200873362445414,"d":"2.6"}]
["Utiliza Manejo Integrado de Pragas (MIP)","-",null,"-"]
["Utiliza Hidroponia","-",null,"-"]
["Utiliza Cultivo em Estufa",3,null,{"v":0.6550218340611353,"d":"0.7"}]
["Utiliza Mudas Fiscalizadas",128,null,{"v":27.94759825327511,"d":"27.9"}]
["Utiliza Semente Melhorada",11,null,{"v":2.4017467248908297,"d":"2.4"}]
["Faz Confinamento de Bovinos",3,null,{"v":0.6550218340611353,"d":"0.7"}]
["Utiliza Pastejo Intensivo",7,null,{"v":1.5283842794759828,"d":"1.5"}]
["Faz Inseminação Artificial",2,null,{"v":0.4366812227074236,"d":"0.4"}]
["Faz Mineralização do Rebanho",104,null,{"v":22.707423580786024,"d":"22.7"}]
["Faz Vermifugação do Rebanho",105,null,{"v":22.925764192139738,"d":"22.9"}]
["Possui Parceiros /Arrendatários na Exploração Animal",38,null,{"v":8.296943231441047,"d":"8.3"}]
["Existência de trabalhadores c/ deficiência na UPA",1,null,{"v":0.2183406113537118,"d":"0.2"}]
["Esporte e lazer",8,null,{"v":1.7467248908296944,"d":"1.7"}]
["Extração mineral",4,null,{"v":0.8733624454148472,"d":"0.9"}]
["Hotel Fazenda, Pousada ou SPA","-",null,"-"]
["Pesque-pague","-",null,"-"]
["Restaurante ou Lanchonete","-",null,"-"]
["Transformação artesanal",2,null,{"v":0.4366812227074236,"d":"0.4"}]
["Turismo rural ou ecoturismo",2,null,{"v":0.4366812227074236,"d":"0.4"}]
["Outras atividades econômicas rurais",6,null,{"v":1.3100436681222707,"d":"1.3"}]
["Agroindústria",3,null,{"v":0.6550218340611353,"d":"0.7"}]
["Proprietário sem instrução ou com instrução incompleta",25,null,{"v":5.458515283842795,"d":"5.5"}]
["Proprietário com antigo primário completo",126,null,{"v":27.510917030567683,"d":"27.5"}]
["Proprietário com 1° grau (ou antigo ginasial) completo",138,null,{"v":30.131004366812224,"d":"30.1"}]
["Proprietário com 2° grau (ou antigo colegial) completo",104,null,{"v":22.707423580786024,"d":"22.7"}]
["Proprietário com curso superior completo ",52,null,{"v":11.353711790393012,"d":"11.4"}]
["Pessoa Jurídica",13,null,{"v":2.8384279475982535,"d":"2.8"}]
["Proprietário residente na própria UPA ",126,null,{"v":27.510917030567683,"d":"27.5"}]
["Fonte: Secretaria de Agricultura e Abastecimento, CDRS/IEA, Projeto LUPA."]
[]
["TABELA 133.5 - Área Cultivada, Município de Charqueada, Estado de São Paulo, 2016/17."]
["CULTURA","N.DE UPAs","MÍNIMO","MÉDIO","MÁXIMO","TOTAL"]
["Cana-de-acucar finalidade industria",303,0.3,{"v":26.14,"d":"26.1"},524.8,{"v":7920,"d":"7,920.0"}]
["Braquiaria",182,0.3,{"v":14.22,"d":"14.2"},732.9,{"v":2588.5,"d":"2,588.5"}]
["Cana-de-acucar outras finalidades",44,0.4,{"v":15.11,"d":"15.1"},{"v":100,"d":"100.0"},664.9]
["Eucalipto",41,0.2,{"v":9.31,"d":"9.3"},74.2,381.9]
["Gramas",37,0.6,{"v":8.42,"d":"8.4"},38.8,311.5]
["Milho safra",10,{"v":1,"d":"1.0"},{"v":3.79,"d":"3.8"},10.8,37.9]
["Cafe",2,1.1,8.5,15.9,{"v":17,"d":"17.0"}]
["Capim-napier (ou capim-elefante)",2,2.4,{"v":6.45,"d":"6.5"},10.5,12.9]
["Capim-jaragua",1,{"v":6,"d":"6.0"},{"v":6,"d":"6.0"},{"v":6,"d":"6.0"},{"v":6,"d":"6.0"}]
["Outras leguminosas para pastagem",4,0.3,{"v":1.33,"d":"1.3"},2.4,5.3]
["Outras olericolas",4,0.1,{"v":1.13,"d":"1.1"},{"v":2,"d":"2.0"},4.5]
["Coloniao",1,3.9,3.9,3.9,3.9]
["Alface",7,0.1,{"v":0.47,"d":"0.5"},{"v":1,"d":"1.0"},3.3]
["Lichia",1,2.6,2.6,2.6,2.6]
["Milho-silagem",2,0.2,1.1,{"v":2,"d":"2.0"},2.2]
["Pomar domestico",1,1.5,1.5,1.5,1.5]
["Viveiro de flores e ornamentais",1,{"v":1,"d":"1.0"},{"v":1,"d":"1.0"},{"v":1,"d":"1.0"},{"v":1,"d":"1.0"}]
["Outras gramineas para pastagem",1,0.6,0.6,0.6,0.6]
["Couve (ou couve-crespa)",1,0.5,0.5,0.5,0.5]
["Palmito",1,0.1,0.1,0.1,0.1]
["Fonte: Secretaria de Agricultura e Abastecimento, CDRS/IEA, Projeto LUPA."]